Mili - Through Patches of Violet Lyrics Quiz - Statistics

General Stats
  • This quiz has been taken 20 times
  • The average score is 182 of 281
Answer Stats
Answer % Correct
a
93%
the
93%
The
93%
How
80%
I
80%
(I
80%
we
80%
you
80%
You
80%
and
73%
And
73%
be
73%
have
73%
me
73%
must
73%
my
73%
My
73%
of
73%
Oh,
73%
on
73%
Patches
73%
Through
73%
to
73%
Violet
73%
(your
73%
your
73%
another
67%
Better,
67%
better
67%
by
67%
Delete
67%
Driven
67%
egos
67%
for
67%
given
67%
go
67%
Here
67%
here)
67%
Holding
67%
know
67%
know?
67%
much
67%
never
67%
our
67%
pain
67%
reason
67%
round
67%
smiles
67%
untold
67%
up
67%
why
67%
already
60%
anger
60%
are
60%
are,
60%
at
60%
been
60%
brighter,
60%
could
60%
Dear
60%
end?
60%
end)
60%
Feelings
60%
future
60%
gate
60%
happier,
60%
has
60%
in
60%
lie
60%
life
60%
message
60%
old
60%
own
60%
past
60%
said
60%
side
60%
stand
60%
suffered
60%
That
60%
times,
60%
versions
60%
With
60%
without
60%
all
53%
believe
53%
Cause
53%
hope
53%
it
53%
live
53%
Love
53%
(sincere)
53%
so
53%
Spinning
53%
still
53%
these
53%
this
53%
watch
53%
what
53%
Will
53%
wished
53%
would
53%
you'll
53%
broken
47%
Composure
47%
diverged
47%
eyes
47%
Goodbye
47%
held
47%
Hello
47%
(hello)
47%
(I'm
47%
inside
47%
I've
47%
kind
47%
land
47%
lies
47%
made
47%
make
47%
(manners)
47%
mind
47%
shall
47%
stolen
47%
tell
47%
tight
47%
Wishing
47%
wonder)
47%
able
40%
fated
40%
final
40%
(forward)
40%
hand,
40%
hearts
40%
stay
40%
Vulgar
40%
(waiting)
40%
do
33%
done
33%
(goodnight)
33%
Goodnight
33%
it's
33%
won't
33%
chance
27%
Akward
13%
No matching quizzes found
Score Distribution
Percent of People with Each Score
Percentile by Number Answered
Your Score History
You have not taken this quiz